Consumer Education and Economics (Record no. 5411)
[ view plain ]
| 005 - DATE AND TIME OF LATEST TRANSACTION | |
|---|---|
| control field | 20250626145259.0 |
| 020 ## - INTERNATIONAL STANDARD BOOK NUMBER | |
| International Standard Book Number | 0-02-820240-6 |
| 082 ## - DEWEY DECIMAL CLASSIFICATION NUMBER | |
| Classification number | 381.33 LOW |
| 100 ## - MAIN ENTRY--PERSONAL NAME | |
| Author name | LOWE,R.E. |
| 245 ## - TITLE STATEMENT | |
| Title | Consumer Education and Economics |
| 250 ## - EDITION STATEMENT | |
| Edition statement | 3rd Ed. |
| 260 ## - PUBLICATION, DISTRIBUTION, ETC. | |
| Place of publication, distribution, etc. | California, |
| Name of publisher, distributor, etc. | McGraw-Hill Educational Division, |
| Date of publication, distribution, etc. | 1990. |
| 300 ## - PHYSICAL DESCRIPTION | |
| Extent | vi,553p.:ill.;tables, pictures |
| Other physical details | Glossary and Index |
| Dimensions | 25cm |
| 700 ## - ADDED ENTRY--PERSONAL NAME | |
| Other authors/Editors | Malouf,Charles A. |
| 700 ## - ADDED ENTRY--PERSONAL NAME | |
| Other authors/Editors | Jacobson, Annette R. |
| 700 ## - ADDED ENTRY--PERSONAL NAME | |
| Other authors/Editors | Niss, James |
| 942 ## - ADDED ENTRY ELEMENTS (KOHA) | |
| Source of classification or shelving scheme | Dewey Decimal Classification |
| Koha item type | Books |
| Date last seen | Total checkouts | Full call number | Barcode | Cost, replacement price | Price effective from | Koha item type | Lost status | Source of classification or shelving scheme | Damaged status | Not for loan | Withdrawn status | Home library | Current library | Shelving location | Date acquired | Source of acquisition | Cost, normal purchase price |
|---|---|---|---|---|---|---|---|---|---|---|---|---|---|---|---|---|---|
| 06/26/2025 | 381.33 LOW | MZA0002340 | 291000.00 | 06/26/2025 | Books | Dewey Decimal Classification | CBE Mwanza | CBE Mwanza | General Collection | 06/26/2025 | TLSB Donation | 97000.00 |
